[Event "COL-ch U10 Girls"]
[Site "Fusagasuga"]
[Date "2019.06.26"]
[Round "1"]
[White "Grisales Hoyos, Isabella"]
[Black "Reyes Pinzon, Isabella"]
[Result "1-0"]
[WhiteElo "1282"]
[BlackElo "1187"]
[PlyCount "95"]
[EventDate "2019.06.26"]
[EventType "tourn"]
[EventRounds "9"]
[EventCountry "COL"]
[SourceTitle "CBM 191 Extra"]
[Source "ChessBase"]
[SourceDate "2019.09.30"]
[SourceVersion "1"]
[SourceVersionDate "2019.09.30"]
[SourceQuality "1"]

1. e4 c5 2. Nf3 a6 3. Nc3 Nf6 4. Bc4 Nc6 5. d3 g6 6. Bf4 Bg7 7. Qe2 0-0 8. 0-0 d6 9. h3 e5 10. Rfe1 exf4 11. Qd2 b5 12. Bb3 Bh6 13. a3 Be6 14. Rac1 c4 15. dxc4 Bxc4 16. Bxc4 bxc4 17. Rcd1 Ne8 18. Qd5 Rc8 19. Qxc4 Nb8 20. Qe2 f6 21. Rd2 Nc7 22. Red1 Ne8 23. Rd4 Nc6 24. R4d2 Ne5 25. Rd4 Nxf3+ 26. Qxf3 f5 27. e5 Rc7 28. Qe2 Re7 29. Qc4+ Rff7 30. Qe2 Rxe5 31. Qxe5 dxe5 32. Rxd8 Rf8 33. R1d5 Bg5 34. Ra8 Bf6 35. Rc5 Kf7 36. b4 e4 37. a4 Bxc3 38. Rxc3 Rg8 39. b5 axb5 40. axb5 Nc7 41. Rxc7+ Kf6 42. Rxg8 e3 43. fxe3 fxe3 44. b6 e2 45. Kf2 f4 46. b7 f3 47. gxf3 Kf5 48. b8Q 1-0

[Event "COL-chT Interligas (Women)"]
[Site "Palmira"]
[Date "2019.04.28"]
[Round "4.4"]
[White "Bernal Parra, Eliana Valentina"]
[Black "Grisales Hoyos, Isabella"]
[Result "1-0"]
[WhiteElo "1282"]
[BlackElo "1346"]
[PlyCount "65"]
[EventDate "2019.04.27"]
[EventType "team-swiss"]
[EventRounds "6"]
[EventCountry "COL"]
[SourceTitle "CBM 190 Extra"]
[Source "ChessBase"]
[SourceDate "2019.07.15"]
[SourceVersion "1"]
[SourceVersionDate "2019.07.15"]
[SourceQuality "1"]
[WhiteTeam "Boyaca (W)"]
[BlackTeam "Valle Talentos Palmira (W)"]
[WhiteTeamCountry "COL"]
[BlackTeamCountry "COL"]

1. e4 c6 2. d4 d5 3. e5 Bf5 4. Bd3 Bxd3 5. Qxd3 e6 6. Nf3 Be7 7. Bd2 Nd7 8. Nc3 h5 9. Ne2 Nh6 10. h3 Nf5 11. Ng3 Nxg3 12. fxg3 c5 13. c3 c4 14. Qe3 Nb6 15. Rf1 a6 16. Qf2 Rf8 17. Be3 g6 18. Qd2 Qd7 19. Bg5 f6 20. exf6 Bxf6 21. Bxf6 Rxf6 22. Ne5 Rxf1+ 23. Kxf1 Qd6 24. Qg5 Qf8+ 25. Ke2 Qf5 26. Qxg6+ Qxg6 27. Nxg6 0-0-0 28. Rf1 Nd7 29. Rf7 b6 30. Rh7 Nf6 31. Ne7+ Kc7 32. Nxd5+ Kd6 33. Nxf6 1-0

[Event "COL-ch sf3 U08"]
[Site "Choconta"]
[Date "2018.04.06"]
[Round "3.3"]
[White "Grisales Hoyos, Isabella"]
[Black "Castano Ariza, Alejandro"]
[Result "0-1"]
[WhiteElo "1300"]
[BlackElo "1259"]
[PlyCount "76"]
[EventDate "2018.04.05"]
[EventType "swiss"]
[EventRounds "6"]
[EventCountry "COL"]
[SourceTitle "EXT 2024"]
[Source "ChessBase"]
[SourceDate "2023.10.10"]
[SourceVersion "1"]
[SourceVersionDate "2023.10.10"]
[SourceQuality "1"]

1. e4 e5 2. Nf3 Nc6 3. d4 Bb4+ 4. c3 Be7 5. dxe5 d6 6. Bc4 dxe5 7. 0-0 Nf6 8. Ng5 Bg4 9. Nxf7 Bxd1 10. Nxd8 Rxd8 11. Nd2 Bc2 12. f3 Na5 13. b3 Bd3 14. Bxd3 Bc5+ 15. Kh1 Rxd3 16. b4 Rxc3 17. bxc5 Rxc5 18. Ba3 Rc3 19. Bb4 Rc6 20. Bxa5 0-0 21. Rfc1 Rd8 22. Rxc6 bxc6 23. Nb3 g5 24. Bxc7 Rd3 25. Bxe5 Nd7 26. Bc7 h5 27. e5 Kf7 28. Na5 g4 29. fxg4 hxg4 30. Re1 Ke7 31. Bd6+ Ke6 32. Nb7 Kd5 33. e6 Nf6 34. Be7 Ne8 35. Nd6 Nc7 36. Bd8 Nxe6 37. Rxe6 Rd1+ 38. Re1 Rxe1# 0-1